Quiz di cultura generale #121 - Statistics

Statistiche generali
  • Questo quiz è stato fatto 399 volte
  • Il punteggio medio è 13 su 20
Statistiche sulle risposte
DOMANDA RISPOSTA % Corretto
Si mette sotto le ascelle per profumarsi Deodorante
95%
"Si sta come d'autunno sugli alberi le ...." Foglie
90%
Le sue lingue ufficiali sono francese, italiano, tedesco e romancio Svizzera
90%
Il primo colore dell'arcobaleno dal basso Rosso
86%
Il mestiere di IT, nel romanzo di Stephen King Clown/Pagliaccio
85%
File pubblicati sugli abusi che avvenivano nella villa di questa persona in una remota isola caraibica Jeffrey/Epstein
84%
In questo odierno stato è avvenuto il più grande disastro nucleare della storia Ucraina
80%
Così sono chiamate quelle macchine che vanno metà a benzina e metà a elettricità Ibride
79%
8x28=? 224
78%
Solitamente si trova al bagno, in cui tu puoi vederti in viso Specchio
76%
Lo scrittore della poesia di sopra Giuseppe/Ungaretti
68%
Per la credenza popolare le mangiano i conigli Carote
67%
Isola mediterranea che in ordine è appartenuta a Venezia, Ottomani e Regno Unito Cipro
65%
Lo condividono Sordi e Tomba Nome
64%
Pallone d'oro croato nel 2018 Luka/Modric
59%
Lo stato del punto più a nord del continente africano Tunisia
58%
L'unica monarchia assoluta in Europa Città/Vaticano
40%
Per cosa sta la I in ENI? Idrocarburi
24%
Aveva il Comando Supremo degli Alleati nello sbarco in Normandia Dwight/Eisenhower
18%
Trattato del 1494 che divideva le Americhe tra Spagna e Portogallo Tordesillas
13%
Nessun quiz corrispondente trovato
Distribuzione punteggi
Percentuale di utenti per punteggio
Percentile per numero di risposta
I tuoi punteggi nel tempo
Non hai fatto questo quiz